[Event "Bergen Chess International"]
[Site "Bergen NOR"]
[Date "2001.08.08"]
[EventDate "2001.08.04"]
[Round "5"]
[Result "1-0"]
[White "Arnar Gunnarsson"]
[Black "Nikola Mitkov"]
[WhiteElo "2263"]
[BlackElo "2547"]
[PlyCount "131"]

1. c4 e5 2. Nc3 Nc6 3. Nf3 Nf6 4. e3 h6 5. Qc2 Bc5 6. Nxe5
Nxe5 7. d4 Qe7 8. dxc5 Qxc5 9. a3 a5 10. b4 Qe7 11. Rb1 axb4
12. axb4 d6 13. Be2 b6 14. O-O Bb7 15. e4 O-O 16. f4 Nc6
17. Rd1 Rfe8 18. Bf3 Nd8 19. Re1 d5 20. e5 dxc4 21. Bxb7 Nxb7
22. Bb2 Nh7 23. Nd5 Qd7 24. Qxc4 b5 25. Qb3 Rac8 26. Rbd1 Qg4
27. h3 Qg6 28. Qf3 Qc2 29. Bd4 c6 30. Ne3 Qg6 31. f5 Qg5
32. g3 h5 33. h4 Qh6 34. Ng2 Nf8 35. Bb6 g6 36. Nf4 Re7
37. Rc1 Nd7 38. Rxc6 Rxc6 39. Qxc6 Nxe5 40. Rxe5 Rxe5 41. fxg6
fxg6 42. Qc8+ Kf7 43. Qxb7+ Re7 44. Qd5+ Kg7 45. Ne6+ Rxe6
46. Qxe6 Qc1+ 47. Kg2 Qd2+ 48. Kh3 Qxb4 49. Qe5+ Kh7 50. Bd4
Qf8 51. Qxb5 Qc8+ 52. Kg2 Qc2+ 53. Kf3 Qd1+ 54. Ke4 Qg4+
55. Kd5 Qf3+ 56. Kc4 Qf1+ 57. Kb4 Qe1+ 58. Kc5 Qe7+ 59. Kd5
Qd8+ 60. Ke4 Qe7+ 61. Qe5 Qb7+ 62. Ke3 Qb3+ 63. Bc3 Qb6+
64. Kf4 Qf2+ 65. Kg5 Qf8 66. Qh8+ 1-0

[Event "Bergen Chess International"]
[Site "Bergen NOR"]
[Date "2001.08.08"]
[EventDate "2001.08.04"]
[Round "5"]
[Result "1-0"]
[White "Kjetil A Lie"]
[Black "Davit Lobzhanidze"]
[WhiteElo "2347"]
[BlackElo "2501"]
[PlyCount "79"]

1. c4 e6 2. g3 d5 3. Bg2 Nf6 4. Nf3 Be7 5. O-O O-O 6. Qc2 b6
7. cxd5 exd5 8. Nc3 c5 9. d4 Nc6 10. Rd1 Bg4 11. dxc5 bxc5
12. Qa4 Bd7 13. Qc2 Nb4 14. Qb1 d4 15. Ne5 Be6 16. Ne4 Rc8
17. a3 Nbd5 18. Ng5 Qd6 19. Nc4 Qa6 20. Nxe6 Qxe6 21. Qd3 Nb6
22. b3 Nfd5 23. Bb2 Bf6 24. Rac1 Nc3 25. Bxc3 dxc3 26. Nxb6
axb6 27. Bd5 Qe7 28. Qc4 g6 29. a4 Kg7 30. Qb5 Qc7 31. Rd3
Rcd8 32. Qc4 Qe5 33. e4 g5 34. Rcxc3 Qe7 35. Rc1 Rc8 36. Rcd1
Rcd8 37. Rf3 Be5 38. Rf5 h6 39. f4 gxf4 40. gxf4 1-0

[Event "Bergen Chess International"]
[Site "Bergen NOR"]
[Date "2001.08.08"]
[EventDate "2001.08.04"]
[Round "5"]
[Result "0-1"]
[White "Yves Miellet-Bensan"]
[Black "Roy Harald Fyllingen"]
[WhiteElo "2243"]
[BlackElo "2389"]
[PlyCount "74"]

1. e4 e5 2. Nc3 Nc6 3. Bc4 Nf6 4. d3 Bb4 5. Nge2 d6 6. a3 Ba5
7. O-O Be6 8. b4 Bb6 9. Nd5 Bxd5 10. exd5 Ne7 11. Bg5 Nf5
12. Bb5+ Kf8 13. c4 h6 14. Bd2 Ng4 15. g3 h5 16. Nc3 Bd4
17. Ra2 Qf6 18. Bd7 Nh4 19. Ne4 Qf3 20. Qxf3 Nxf3+ 21. Kg2
Ngxh2 22. Rh1 Ke7 23. Bh3 Nxd2 24. Rxd2 Ng4 25. Rc1 f5 26. Ng5
c5 27. Rb1 b6 28. Ne6 Kf6 29. Re2 g5 30. f3 Ne3+ 31. Kh2 g4
32. Bg2 h4 33. fxg4 Nxg4+ 34. Kh3 Bf2 35. Bh1 hxg3+ 36. Kg2
Rh2+ 37. Kf3 e4+ 0-1

[Event "Bergen Chess International"]
[Site "Bergen NOR"]
[Date "2001.08.08"]
[EventDate "2001.08.04"]
[Round "5"]
[Result "0-1"]
[White "Emanuel Berg"]
[Black "Vladimir Georgiev"]
[WhiteElo "2496"]
[BlackElo "2584"]
[PlyCount "78"]

1. e4 d6 2. d4 Nf6 3. Nc3 e5 4. dxe5 dxe5 5. Qxd8+ Kxd8 6. Bc4
Be6 7. Bxe6 fxe6 8. f3 a6 9. Be3 Bb4 10. Nge2 Ke7 11. a3 Bd6
12. Nc1 Nbd7 13. Nb1 h6 14. Nd3 g5 15. Nd2 g4 16. f4 exf4
17. Nxf4 Rhg8 18. Nd3 h5 19. Bd4 c5 20. Bc3 Rg5 21. O-O Rf8
22. b4 cxb4 23. axb4 Rc8 24. e5 Nxe5 25. Rxf6 Kxf6 26. Ne4+
Ke7 27. Nxg5 Rxc3 28. Rf1 Rxc2 29. Nxe5 Bxe5 30. Rf7+ Kd6
31. Rxb7 Bd4+ 32. Kf1 Rf2+ 33. Ke1 Rxg2 34. Nf7+ Kd5 35. b5
Rxh2 36. Rd7+ Kc4 37. bxa6 Ra2 38. Nd6+ Kd3 39. Kf1 g3 0-1

[Event "Bergen Chess International"]
[Site "Bergen NOR"]
[Date "2001.08.08"]
[EventDate "2001.08.04"]
[Round "5"]
[Result "0-1"]
[White "Kevin D White"]
[Black "Per Ofstad"]
[WhiteElo "2075"]
[BlackElo "2205"]
[PlyCount "88"]

1. e4 e6 2. d3 d5 3. Nd2 Be7 4. Ngf3 Nf6 5. g3 b6 6. Bg2 Bb7
7. O-O c5 8. Re1 Nc6 9. e5 Nd7 10. Nf1 Qc7 11. Qe2 h6 12. c3
g5 13. h3 O-O-O 14. N1h2 Rdg8 15. Bd2 h5 16. g4 Ncxe5 17. Nxe5
Nxe5 18. f4 Nd7 19. f5 Bd6 20. Nf1 exf5 21. gxf5 Nf6 22. b4 h4
23. Ne3 Bh2+ 24. Kh1 Bf4 25. bxc5 Qxc5 26. d4 Qe7 27. Nf1 Qxe2
28. Rxe2 Ne4 29. c4 Bxd2 30. cxd5 Ng3+ 31. Nxg3 hxg3 32. Rxd2
g4 33. Rc1+ Kb8 34. h4 Rxh4+ 35. Kg1 Rc8 36. Rc6 Bxc6 37. dxc6
Kc7 38. Rd3 Rd8 39. d5 Rh5 40. Rxg3 Rxf5 41. Rxg4 Rdxd5
42. Bxd5 Rxd5 43. Rf4 f5 44. Ra4 a5 0-1

[Event "Bergen Chess International"]
[Site "Bergen NOR"]
[Date "2001.08.08"]
[EventDate "2001.08.04"]
[Round "5"]
[Result "1/2-1/2"]
[White "Norbert Sprotte"]
[Black "Miitrei Sorsa"]
[WhiteElo "2240"]
[BlackElo "2111"]
[PlyCount "65"]

1. Nf3 Nf6 2. c4 c5 3. Nc3 Nc6 4. g3 g6 5. Bg2 Bg7 6. O-O O-O
7. d4 cxd4 8. Nxd4 Nxd4 9. Qxd4 d6 10. Qd3 Qa5 11. Rd1 Rb8
12. Nb5 a6 13. Bd2 Qb6 14. Be3 Qa5 15. Qc3 Qd8 16. Nd4 Ng4
17. Bc1 Qc7 18. Qb4 Ne5 19. Be3 Qxc4 20. Qb6 Nd7 21. Qa7 Kh8
22. Rdc1 Qb4 23. Rc2 Qb6 24. Nc6 Qxa7 25. Nxa7 Nc5 26. Nxc8
Rfxc8 27. Rac1 a5 28. Bxc5 dxc5 29. Rxc5 Rxc5 30. Rxc5 b6
31. Rc2 Rd8 32. Bc6 Bd4 33. Bb5 1/2-1/2

[Event "Bergen Chess International"]
[Site "Bergen NOR"]
[Date "2001.08.08"]
[EventDate "2001.08.04"]
[Round "5"]
[Result "1-0"]
[White "Hans Olav Lahlum"]
[Black "Joanna Zimny"]
[WhiteElo "2227"]
[BlackElo "2087"]
[PlyCount "23"]

1. d4 d5 2. c4 c6 3. Nc3 Nf6 4. e3 Bf5 5. cxd5 cxd5 6. Qb3 Bc8
7. Nf3 e6 8. Bd3 Bd6 9. e4 dxe4 10. Nxe4 O-O 11. Nxf6+ Qxf6
12. Bg5 1-0

[Event "Bergen Chess International"]
[Site "Bergen NOR"]
[Date "2001.08.08"]
[EventDate "2001.08.04"]
[Round "5"]
[Result "1-0"]
[White "Leif Erlend Johannessen"]
[Black "Bjorn Erik Glenne"]
[WhiteElo "2426"]
[BlackElo "2223"]
[PlyCount "73"]

1. c4 Nf6 2. Nc3 d6 3. d4 Nbd7 4. Nf3 e5 5. e4 c6 6. Be2 Be7
7. O-O O-O 8. Be3 Qc7 9. d5 c5 10. Ne1 Ne8 11. Nd3 g6 12. Qd2
Ng7 13. f4 exf4 14. Bxf4 f5 15. Nb5 Qb8 16. exf5 Nxf5 17. g4
Ng7 18. Qe3 Re8 19. Qg3 g5 20. Bd2 Nf6 21. Bf3 Bd7 22. Rae1
Bxb5 23. cxb5 Qc7 24. Bxg5 Ne4 25. Bxe4 Bxg5 26. h4 Bd2
27. Re2 c4 28. Nf2 Bb4 29. Nh3 Rf8 30. Rf4 Rxf4 31. Qxf4 Re8
32. Ng5 Bc5+ 33. Kh1 Qd7 34. Bxh7+ Kh8 35. Bg6 Nh5 36. gxh5
Rxe2 37. Qf8+ 1-0

[Event "Bergen Chess International"]
[Site "Bergen NOR"]
[Date "2001.08.08"]
[EventDate "2001.08.04"]
[Round "5"]
[Result "1-0"]
[White "Berge Ostenstad"]
[Black "Jesper Morch Lauridsen"]
[WhiteElo "2439"]
[BlackElo "2223"]
[PlyCount "71"]

1. d4 d5 2. c4 e6 3. Nf3 Nf6 4. Bg5 Nbd7 5. e3 c6 6. Nc3 Qa5
7. Nd2 Bb4 8. Qc2 O-O 9. Bxf6 Nxf6 10. Bd3 dxc4 11. Nxc4 Qc7
12. O-O Rd8 13. Ne5 Bd7 14. Rac1 Be8 15. a3 Bf8 16. Na4 g6
17. Be2 Bg7 18. b4 a6 19. Nb2 Qe7 20. Nbc4 Nd5 21. Bf3 f6
22. Nd3 g5 23. Qb3 Bg6 24. Nc5 h5 25. Na5 Rdb8 26. e4 Nf4
27. g3 Nh3+ 28. Kh1 g4 29. Bg2 Ng5 30. d5 Bf7 31. d6 Qxd6
32. Ncxb7 Qe7 33. Nc5 Rc8 34. e5 fxe5 35. Nxc6 Qf6 36. Nd7 1-0

[Event "Bergen Chess International"]
[Site "Bergen NOR"]
[Date "2001.08.08"]
[EventDate "2001.08.04"]
[Round "5"]
[Result "0-1"]
[White "Kristian Trygstad"]
[Black "Sverre Heim"]
[WhiteElo "2323"]
[BlackElo "2371"]
[PlyCount "56"]

1. c4 c5 2. g3 Nf6 3. Bg2 d5 4. cxd5 Nxd5 5. Nc3 Nc7 6. Nf3
Nc6 7. O-O e5 8. Ne1 Bd7 9. Nd3 Bd6 10. f4 exf4 11. Nxf4 O-O
12. b3 Qe7 13. Bb2 Rad8 14. e3 b6 15. Qh5 Qe5 16. Qe2 Qe8
17. Be4 Ne5 18. Bxh7+ Kxh7 19. Qh5+ Kg8 20. Ne4 Bg4 21. Nxd6
Bxh5 22. Nxe8 Rfxe8 23. Nxh5 Rxd2 24. Bc3 Rc2 25. Be1 Ng4
26. Bf2 Nd5 27. Nf4 Ndxe3 28. Bxe3 Rxe3 0-1

[Event "Bergen Chess International"]
[Site "Bergen NOR"]
[Date "2001.08.08"]
[EventDate "2001.08.04"]
[Round "5"]
[Result "1-0"]
[White "Artur Mikhailovich Kogan"]
[Black "Einar J Gausel"]
[WhiteElo "2517"]
[BlackElo "2520"]
[PlyCount "45"]

1. e4 d5 2. exd5 Qxd5 3. Nc3 Qa5 4. d4 c6 5. Bc4 Bf5 6. Bd2 e6
7. d5 cxd5 8. Nxd5 Qd8 9. Qe2 Ne7 10. Ne3 Nbc6 11. Bc3 Qc7
12. O-O-O Bg6 13. Nf3 a6 14. h4 h6 15. h5 Bh7 16. g4 Be4
17. Ng2 Bxf3 18. Qxf3 Rd8 19. Nf4 Rxd1+ 20. Rxd1 Nd8 21. Qe4
Qc6 22. Ba5 b6 23. Qd4 1-0

[Event "Bergen Chess International"]
[Site "Bergen NOR"]
[Date "2001.08.08"]
[EventDate "2001.08.04"]
[Round "5"]
[Result "1-0"]
[White "Sebastian Schmidt-Schaeffer"]
[Black "Andreas G R Moen"]
[WhiteElo "2323"]
[BlackElo "2218"]
[PlyCount "37"]

1. e4 e5 2. Nf3 Nf6 3. d3 Nc6 4. Nbd2 Bc5 5. Be2 O-O 6. O-O d5
7. c3 a5 8. b3 Ng4 9. Qe1 d4 10. cxd4 Nxd4 11. Nxd4 Bxd4
12. Rb1 Ra6 13. Nf3 c5 14. Nxd4 exd4 15. h3 Nh6 16. g4 Qh4
17. Kg2 Nxg4 18. hxg4 Bxg4 19. Rh1 1-0

[Event "Bergen Chess International"]
[Site "Bergen NOR"]
[Date "2001.08.08"]
[EventDate "2001.08.04"]
[Round "5"]
[Result "0-1"]
[White "Bart Stam"]
[Black "Alexander R Flaata"]
[WhiteElo "2088"]
[BlackElo "2099"]
[PlyCount "44"]

1. e4 Nc6 2. Nf3 g6 3. d4 d6 4. c3 Nf6 5. Bd3 Bg7 6. h3 e5
7. Bg5 h6 8. Be3 O-O 9. d5 Ne7 10. g4 Nexd5 11. exd5 e4
12. Bc2 exf3 13. Qxf3 Bd7 14. O-O c6 15. dxc6 Bxc6 16. Qg3 Nd5
17. Bd4 Bxd4 18. cxd4 Qb6 19. Nc3 Qxb2 20. Nxd5 Bxd5 21. Qxd6
Rfd8 22. Qc5 Rac8 0-1

[Event "Bergen Chess International"]
[Site "Bergen NOR"]
[Date "2001.08.09"]
[EventDate "2001.08.04"]
[Round "6"]
[Result "1-0"]
[White "Saevar Bjarnason"]
[Black "Per Ofstad"]
[WhiteElo "2281"]
[BlackElo "2205"]
[PlyCount "49"]

1. d4 d5 2. c4 c6 3. Nf3 Nf6 4. Nc3 e6 5. Bg5 dxc4 6. e4 b5
7. e5 h6 8. Bh4 g5 9. Nxg5 hxg5 10. Bxg5 Nbd7 11. exf6 Bb7
12. g3 Qb6 13. Bg2 c5 14. d5 Bh6 15. h4 b4 16. Na4 Qa6 17. a3
c3 18. axb4 Qc4 19. Nxc3 O-O-O 20. Qe2 Qxe2+ 21. Kxe2 cxb4
22. Nb5 Nb6 23. Nxa7+ Kb8 24. Nc6+ Bxc6 25. dxc6 1-0

[Event "Bergen Chess International"]
[Site "Bergen NOR"]
[Date "2001.08.09"]
[EventDate "2001.08.04"]
[Round "6"]
[Result "0-1"]
[White "Per Erik Manne"]
[Black "Rune Djurhuus"]
[WhiteElo "2386"]
[BlackElo "2474"]
[PlyCount "60"]

1. d4 Nf6 2. c4 g6 3. Nc3 Bg7 4. Nf3 O-O 5. Bg5 h6 6. Bh4 c5
7. e3 d6 8. Be2 Nc6 9. d5 Ne5 10. Nxe5 dxe5 11. e4 Ne8 12. f3
a6 13. a3 Nd6 14. b4 b6 15. O-O Bd7 16. Bf2 f5 17. Qd2 Qc7
18. bxc5 bxc5 19. Rfb1 Rab8 20. Be1 h5 21. Rxb8 Rxb8 22. Rb1
Rxb1 23. Nxb1 fxe4 24. fxe4 Nxe4 25. Qe3 Bf5 26. Nd2 Nxd2
27. Bxd2 Qb6 28. Kf2 e4 29. Bc3 Bd4 30. Bxd4 cxd4 0-1

[Event "Bergen Chess International"]
[Site "Bergen NOR"]
[Date "2001.08.09"]
[EventDate "2001.08.04"]
[Round "6"]
[Result "1-0"]
[White "Torbjorn Ringdal Hansen"]
[Black "Andreas Bachmann"]
[WhiteElo "2244"]
[BlackElo "2303"]
[PlyCount "47"]

1. c4 Nf6 2. Nc3 d5 3. cxd5 Nxd5 4. e4 Nxc3 5. bxc3 g6 6. Qa4+
Qd7 7. Bb5 c6 8. Be2 Bg7 9. Nf3 O-O 10. O-O c5 11. Qxd7 Nxd7
12. d4 b6 13. Be3 Bb7 14. Nd2 Rac8 15. Rac1 e6 16. f3 Rfd8
17. Nb3 f5 18. Bc4 Kf7 19. g4 fxe4 20. fxe4+ Ke8 21. Bxe6 cxd4
22. cxd4 Rxc1 23. Bxc1 Bxe4 24. Bg5 1-0

[Event "Bergen Chess International"]
[Site "Bergen NOR"]
[Date "2001.08.09"]
[EventDate "2001.08.04"]
[Round "6"]
[Result "1/2-1/2"]
[White "Fredrik Andersson"]
[Black "Preben Andersen"]
[WhiteElo "2173"]
[BlackElo "2041"]
[PlyCount "41"]

1. e4 c5 2. Nc3 e6 3. Nf3 a6 4. g3 Nc6 5. Bg2 Nge7 6. O-O d6
7. a4 Qc7 8. d3 b6 9. Be3 Bb7 10. Nd2 g6 11. Nc4 Bg7 12. Qd2
Ne5 13. Nxe5 dxe5 14. Nd1 Nc6 15. Bh6 O-O 16. Bxg7 Kxg7
17. Qg5 Qd8 18. Qg4 h5 19. Qe2 Nd4 20. Qd2 c4 21. Ne3 1/2-1/2

[Event "Bergen Chess International"]
[Site "Bergen NOR"]
[Date "2001.08.09"]
[EventDate "2001.08.04"]
[Round "6"]
[Result "1-0"]
[White "Thomas Johansson"]
[Black "Arn Tore Haugsdal"]
[WhiteElo "2250"]
[BlackElo "2144"]
[PlyCount "49"]

1. e4 e5 2. f4 exf4 3. Nf3 d5 4. exd5 Be7 5. Bb5+ c6 6. dxc6
bxc6 7. Bc4 Bh4+ 8. Kf1 Bg4 9. Bxf7+ Kf8 10. Bb3 Nd7 11. d4
Ne5 12. Nbd2 Ng6 13. Ne4 Nf6 14. Nc5 Nd5 15. h3 Bf5 16. Nxh4
Nxh4 17. Qe1 Qg5 18. Qf2 Ne3+ 19. Bxe3 fxe3 20. Ne6+ Ke7
21. Nxg5 exf2 22. Kxf2 Rhf8 23. Kg3 h6 24. Rae1+ Kd6 25. Nf7+
1-0

[Event "Bergen Chess International"]
[Site "Bergen NOR"]
[Date "2001.08.09"]
[EventDate "2001.08.04"]
[Round "6"]
[Result "0-1"]
[White "Hans Krogh Harestad"]
[Black "Jolanta Guzik"]
[WhiteElo "2196"]
[BlackElo "2095"]
[PlyCount "82"]

1. d4 d5 2. c4 e6 3. Nc3 Nf6 4. Bg5 Nbd7 5. e3 c6 6. cxd5 exd5
7. Bd3 Be7 8. Nge2 Ne4 9. Bf4 Ndf6 10. Qc2 Nxc3 11. bxc3 h6
12. O-O O-O 13. f3 c5 14. Qd2 Nh5 15. Be5 f6 16. Bf4 g5
17. Bg3 f5 18. Be5 Bd6 19. Bxd6 Qxd6 20. dxc5 Qxc5 21. Nd4 Bd7
22. Rab1 b6 23. Qc2 Ng7 24. Qb3 Kh8 25. Ba6 Rae8 26. Rfe1 Re7
27. Bb7 Rfe8 28. Kf2 f4 29. exf4 Bf5 30. Rxe7 Rxe7 31. Re1
Rxb7 32. g4 Bd3 33. fxg5 hxg5 34. Re5 Bc4 35. Qc2 Re7 36. Rxe7
Qxe7 37. Qg6 Qe5 38. Kg2 Qe1 39. Qh6+ Kg8 40. Qxg5 Bf1+
41. Kg1 Bh3+ 0-1

[Event "Bergen Chess International"]
[Site "Bergen NOR"]
[Date "2001.08.09"]
[EventDate "2001.08.04"]
[Round "6"]
[Result "1-0"]
[White "Anita Gronnestad"]
[Black "Victor Hansen"]
[WhiteElo "2007"]
[BlackElo "2086"]
[PlyCount "59"]

1. e4 Nf6 2. d3 d6 3. Nf3 g6 4. g3 Bg7 5. Bg2 O-O 6. Nbd2 Nbd7
7. O-O c5 8. c3 e5 9. a4 b6 10. Nc4 Qe7 11. Nh4 Ne8 12. f4
exf4 13. Bxf4 Ne5 14. Ne3 Ba6 15. Nd5 Qd7 16. Bxe5 dxe5 17. a5
b5 18. Qe2 Nd6 19. Qe3 Rac8 20. Qg5 f6 21. Nxf6+ Rxf6 22. Rxf6
Qd8 23. Raf1 Ne8 24. Rxg6 hxg6 25. Qxg6 Qd6 26. Qf7+ Kh7
27. Bh3 Nf6 28. Bf5+ Kh8 29. Ng6+ Kh7 30. Nxe5+ 1-0

[Event "Bergen Chess International"]
[Site "Bergen NOR"]
[Date "2001.08.09"]
[EventDate "2001.08.04"]
[Round "6"]
[Result "1/2-1/2"]
[White "Stig Gabrielsen"]
[Black "Petter Glenne Stokstad"]
[WhiteElo "2280"]
[BlackElo "2195"]
[PlyCount "50"]

1. e4 Nc6 2. Nf3 e5 3. Bb5 a6 4. Ba4 Nf6 5. O-O Be7 6. Re1 b5
7. Bb3 d6 8. c3 Na5 9. Bc2 c5 10. a4 Bd7 11. d3 O-O 12. Nbd2
g6 13. Nf1 Re8 14. Ng3 Bf8 15. h3 Bg7 16. Be3 h6 17. Qd2 Kh7
18. Ra3 b4 19. cxb4 cxb4 20. Qxb4 Rb8 21. Qc3 d5 22. Bd2 Rc8
23. Qxa5 Qxa5 24. Bxa5 Rxc2 25. b4 Bc6 1/2-1/2

[Event "Bergen Chess International"]
[Site "Bergen NOR"]
[Date "2001.08.09"]
[EventDate "2001.08.04"]
[Round "6"]
[Result "0-1"]
[White "Kevin D White"]
[Black "Magne Sagafos"]
[WhiteElo "2075"]
[BlackElo "2208"]
[PlyCount "76"]

1. e4 Nf6 2. d3 d5 3. e5 Nfd7 4. f4 e6 5. Nf3 c5 6. c3 Nc6
7. d4 Qb6 8. Be2 f6 9. O-O cxd4 10. cxd4 fxe5 11. fxe5 Ndxe5
12. Nxe5 Nxe5 13. Kh1 Nc6 14. Bh5+ g6 15. Qf3 Qc7 16. Nc3 Nxd4
17. Nxd5 exd5 18. Qxd5 Ne6 19. Bg4 Qc6 20. Qb3 h5 21. Bh3 g5
22. Bf5 Be7 23. Be3 Nf4 24. Bxf4 Bxf5 25. Be5 Rf8 26. Rac1 Qb6
27. Qa4+ Bd7 28. Rxf8+ Bxf8 29. Qe4 Qe6 30. Qxb7 Rc8 31. Re1
Be7 32. Qe4 Bc6 33. Qh7 Qf7 34. Qh8+ Kd7 35. Qh6 Bxg2+ 36. Kg1
Bc5+ 37. Kxg2 Qf2+ 38. Kh3 g4+ 0-1

[Event "Bergen Chess International"]
[Site "Bergen NOR"]
[Date "2001.08.09"]
[EventDate "2001.08.04"]
[Round "6"]
[Result "1-0"]
[White "Frederic Crapis"]
[Black "Edmund Soh"]
[WhiteElo "2030"]
[BlackElo "2104"]
[PlyCount "71"]

1. d4 g6 2. e4 Bg7 3. c4 d6 4. Nc3 Nc6 5. Be3 e5 6. Nge2 Nf6
7. f3 O-O 8. d5 Ne7 9. Qd2 Ne8 10. g4 f5 11. gxf5 gxf5
12. O-O-O Nf6 13. Bh6 f4 14. Rg1 Rf7 15. Kb1 Ng6 16. Bg5 Qf8
17. Nc1 Nh5 18. Nd3 Bf6 19. c5 Bd7 20. cxd6 cxd6 21. Nf2 Qe7
22. Bxf6 Nxf6 23. Bh3 Rc8 24. Bf5 Rg7 25. Nb5 Bxf5 26. exf5
Nh4 27. Rxg7+ Kxg7 28. Ne4 Nxf5 29. Qg2+ Kh8 30. Qh3 Nxe4
31. fxe4 Rc5 32. Qxf5 Rxb5 33. Qc8+ Kg7 34. Rg1+ Kf7 35. Qf5+
Qf6 36. Qd7+ 1-0

[Event "Bergen Chess International"]
[Site "Bergen NOR"]
[Date "2001.08.09"]
[EventDate "2001.08.04"]
[Round "6"]
[Result "0-1"]
[White "Berge Ostenstad"]
[Black "Evgenij Romanovich Agrest"]
[WhiteElo "2439"]
[BlackElo "2529"]
[PlyCount "108"]

1. d4 Nf6 2. c4 e6 3. Nf3 b6 4. g3 Ba6 5. b3 b5 6. cxb5 Bxb5
7. Bg2 d5 8. O-O Nbd7 9. Nc3 Ba6 10. Re1 Bb4 11. Bd2 c5 12. a3
Bxc3 13. Bxc3 Ne4 14. Bb2 c4 15. bxc4 Bxc4 16. Nd2 Nxd2
17. Qxd2 O-O 18. a4 Qb6 19. Ba3 Rfb8 20. e4 Qc6 21. Qc2 Rc8
22. Rac1 Qa6 23. Bc5 Bd3 24. Qa2 Bxe4 25. Bxe4 dxe4 26. Rxe4
h6 27. Re3 Rab8 28. Rec3 Nf6 29. Qc4 Qxc4 30. Rxc4 a6 31. Kg2
Nd5 32. Bd6 Rxc4 33. Rxc4 Rb2 34. Rc6 Ne3+ 35. Kf3 Nd1 36. g4
Rxf2+ 37. Kg3 Ra2 38. Rxa6 Nc3 39. a5 Ne4+ 40. Kf3 Nxd6
41. Rxd6 Rxa5 42. Rd8+ Kh7 43. h4 h5 44. g5 Ra3+ 45. Kg2 Rd3
46. Rd7 Kg6 47. Rd6 Re3 48. Rd7 f6 49. gxf6 gxf6 50. Re7 Re4
51. Kg3 Kf5 52. Rd7 Re3+ 53. Kf2 Rh3 54. d5 e5 0-1

[Event "Bergen Chess International"]
[Site "Bergen NOR"]
[Date "2001.08.09"]
[EventDate "2001.08.04"]
[Round "6"]
[Result "1-0"]
[White "Roy Harald Fyllingen"]
[Black "Emanuel Berg"]
[WhiteElo "2389"]
[BlackElo "2496"]
[PlyCount "125"]

1. d4 e6 2. Nf3 Nf6 3. g3 b5 4. Bg2 Bb7 5. O-O c5 6. Na3 b4
7. Nc4 d5 8. Nce5 Ne4 9. a3 bxa3 10. c4 axb2 11. Bxb2 f6
12. Qa4+ Nd7 13. Nd3 Bd6 14. dxc5 Nexc5 15. Nxc5 Bxc5 16. cxd5
exd5 17. Nd4 Bxd4 18. Bxd4 O-O 19. Bxa7 Ne5 20. Qb3 Qd7
21. Rfd1 Rfd8 22. e4 Qf7 23. exd5 Rd7 24. Bd4 Rxa1 25. Bxa1
Ng6 26. Qb5 h5 27. h4 Nf8 28. Bc3 f5 29. Be5 Ng6 30. f4 Nf8
31. Bf3 Kh7 32. Kg2 Rd8 33. Kh3 Rd7 34. Rd4 Ng6 35. Qd3 Ne7
36. d6 Bxf3 37. Qxf3 Ng8 38. Qd3 Nh6 39. Rc4 Qe6 40. Rc7 Rxc7
41. dxc7 Qc6 42. Qb1 g6 43. Qa1 Nf7 44. Kh2 Qc2+ 45. Kg1 Qc5+
46. Qd4 Qc1+ 47. Kf2 Qc2+ 48. Ke3 Qc1+ 49. Kd3 Nxe5+ 50. Qxe5
Qb1+ 51. Kd4 Qa1+ 52. Kd5 Qa8+ 53. Kd6 Qc8 54. Qe6 Qa6+
55. Ke7 Qa7 56. Kd8 Qa5 57. Qe5 Qb6 58. Ke7 Qc6 59. Kf8 Qa8+
60. Qe8 Qa1 61. Qf7+ Kh6 62. Kg8 Qf6 63. Qh7+ 1-0

[Event "Bergen Chess International"]
[Site "Bergen NOR"]
[Date "2001.08.09"]
[EventDate "2001.08.04"]
[Round "6"]
[Result "0-1"]
[White "Vladimir Georgiev"]
[Black "Artur Mikhailovich Kogan"]
[WhiteElo "2584"]
[BlackElo "2517"]
[PlyCount "120"]

1. d4 Nf6 2. c4 c6 3. Nc3 d5 4. e3 a6 5. Nf3 b5 6. cxd5 cxd5
7. Be2 Bg4 8. h3 Bxf3 9. Bxf3 e6 10. O-O Ra7 11. e4 b4 12. e5
bxc3 13. exf6 cxb2 14. fxg7 Bxg7 15. Bxb2 O-O 16. Ba3 Re8
17. Rb1 Nd7 18. Qa4 Bf8 19. Bc1 Qc7 20. Bg5 Rb8 21. Rbc1 Qd6
22. Rc6 Qb4 23. Qc2 Bg7 24. Bf4 Re8 25. Rb1 Qe7 26. Bd6 Qd8
27. Qa4 Qh4 28. Rd1 Rea8 29. Bg3 Qd8 30. Qc2 Rb7 31. Be2 a5
32. a4 Rb4 33. Bb5 Nf8 34. Qc3 Qf6 35. Be5 Qg6 36. Rd3 Bxe5
37. dxe5 Qh6 38. Rf3 Ng6 39. Kh2 Qg5 40. Rg3 Qf4 41. Rc7 d4
42. Qf3 Qxf3 43. Rxf3 Nxe5 44. Rf6 d3 45. f4 Rxb5 46. fxe5 d2
47. Rd7 d1=Q 48. Rxd1 Rxe5 49. Rd7 Rf8 50. Ra7 Kg7 51. Rf4 h5
52. Kg3 Kg6 53. Kf3 Rc5 54. Rd4 Rb8 55. Kg3 Rb2 56. Kh4 Rxg2
57. Ra8 Rgc2 58. Rg8+ Kh7 59. Rdd8 R2c4+ 60. Kg3 Rxa4 0-1

[Event "Bergen Chess International"]
[Site "Bergen NOR"]
[Date "2001.08.09"]
[EventDate "2001.08.04"]
[Round "6"]
[Result "1/2-1/2"]
[White "Einar J Gausel"]
[Black "Leif Erlend Johannessen"]
[WhiteElo "2520"]
[BlackElo "2426"]
[PlyCount "106"]

1. c4 c5 2. Nc3 g6 3. g3 Bg7 4. Bg2 Nc6 5. a3 e6 6. Rb1 a5
7. e4 Nge7 8. Nge2 O-O 9. O-O b6 10. d3 Bb7 11. Be3 Rc8
12. Qd2 Re8 13. h3 Ba6 14. b3 Nd4 15. Bg5 d6 16. b4 axb4
17. axb4 Qd7 18. bxc5 bxc5 19. Nxd4 cxd4 20. Nb5 Nc6 21. Bf4
e5 22. Bh6 Rb8 23. Bxg7 Kxg7 24. Rb2 Bxb5 25. cxb5 Nd8 26. b6
Nb7 27. f4 f6 28. fxe5 fxe5 29. h4 h6 30. h5 g5 31. Rf5 Nc5
32. Rb1 Qe7 33. Rbf1 Rf8 34. Qf2 Nd7 35. Rxf8 Rxf8 36. Qb2 Rb8
37. Qf2 Rf8 38. Qb2 Rxf1+ 39. Bxf1 Nc5 40. Qb5 Kf8 41. Qc6 Qd7
42. Qxd7 Nxd7 43. b7 Ke7 44. Bh3 Nb8 45. Kf2 Kd8 46. Kf3 Ke7
47. Bc8 Nc6 48. Kg4 Kf6 49. Bd7 Nb8 50. Bb5 Ke6 51. Kf3 Ke7
52. Kf2 Kd8 53. Ke2 Ke7 1/2-1/2

[Event "Bergen Chess International"]
[Site "Bergen NOR"]
[Date "2001.08.09"]
[EventDate "2001.08.04"]
[Round "6"]
[Result "0-1"]
[White "Davit Lobzhanidze"]
[Black "Stig Tjomsland"]
[WhiteElo "2501"]
[BlackElo "2269"]
[PlyCount "118"]

1. e4 c5 2. Nf3 e6 3. d3 Nc6 4. g3 Nge7 5. Bg2 d5 6. Qe2 dxe4
7. dxe4 Ng6 8. O-O Be7 9. e5 Qc7 10. Re1 O-O 11. c3 Rd8
12. Nbd2 b6 13. h4 h6 14. h5 Nf8 15. Ne4 a5 16. Bf4 Ba6 17. c4
Nb4 18. Nf6+ Kh8 19. Nh2 Bb7 20. Bxb7 Qxb7 21. Ne4 Nc6 22. Nf3
Rd7 23. Rad1 Rad8 24. Nc3 Nh7 25. Nb5 Ng5 26. Bxg5 hxg5 27. g4
Nb4 28. Nd6 Bxd6 29. exd6 Rxd6 30. Rxd6 Rxd6 31. Nxg5 Nd3
32. Qe4 Qxe4 33. Rxe4 Kg8 34. b3 e5 35. Re3 f6 36. Ne4 Rd4
37. f3 Nb4 38. a4 Nc2 39. Rc3 Rd1+ 40. Kf2 Nd4 41. g5 f5
42. Nd6 Rd2+ 43. Ke1 Rh2 44. Nc8 e4 45. fxe4 fxe4 46. Ne7+ Kf7
47. Nd5 Nf5 48. g6+ Ke6 49. Rh3 Rb2 50. Nc7+ Ke5 51. Ne8 e3
52. Nxg7 Rb1+ 53. Ke2 Nd4+ 54. Kxe3 Rxb3+ 55. Kf2 Rxh3 56. Kg2
Ra3 57. Ne8 Nf5 58. g7 Rg3+ 59. Kh2 Rg5 0-1

[Event "Bergen Chess International"]
[Site "Bergen NOR"]
[Date "2001.08.09"]
[EventDate "2001.08.04"]
[Round "6"]
[Result "0-1"]
[White "Hallvard Voll Adnoy"]
[Black "Kjetil Stokke"]
[WhiteElo "2197"]
[BlackElo "2016"]
[PlyCount "76"]

1. e4 c5 2. d4 cxd4 3. c3 g6 4. Nf3 Bg7 5. cxd4 d5 6. e5 Bg4
7. Nbd2 Nc6 8. h3 Bxf3 9. Nxf3 Qb6 10. Be2 e6 11. O-O Nge7
12. Be3 Nf5 13. Qd2 O-O 14. Rfd1 Nxe3 15. Qxe3 Rac8 16. Nh2
Nb4 17. Qf4 f6 18. exf6 Bxf6 19. Nf3 Nc2 20. Rab1 Bxd4 21. Qh4
e5 22. Rf1 Qf6 23. Ng5 Qe7 24. Bg4 Rc6 25. Bd1 Ne3 26. Bb3 Rd6
27. fxe3 Bxe3+ 28. Kh1 Bxg5 29. Rxf8+ Kxf8 30. Qf2+ Kg7
31. Qxa7 e4 32. Qc5 b6 33. Qc8 e3 34. Re1 d4 35. Qg8+ Kh6
36. Bd1 d3 37. h4 Bf4 38. Qc4 Qxh4+ 0-1